Just for you: (Record no. 6233)

MARC details
000 -LEADER
fixed length control field 00513nam a22001697a 4500
003 - CONTROL NUMBER IDENTIFIER
control field GBCCL
005 - DATE AND TIME OF LATEST TRANSACTION
control field 20241126110559.0
008 - FIXED-LENGTH DATA ELEMENTS--GENERAL INFORMATION
fixed length control field 180504b ||||| |||| 00| 0 eng d
040 ## - CATALOGING SOURCE
Transcribing agency gbc
082 ## - DEWEY DECIMAL CLASSIFICATION NUMBER
Classification number 811.54
Item number RIC
100 ## - MAIN ENTRY--PERSONAL NAME
Personal name Rice, Helen Steiner
Dates associated with a name 1900 - 1981
9 (RLIN) 11182
245 ## - TITLE STATEMENT
Title Just for you:
Remainder of title A special collection of inspirational verses /
Statement of responsibility, etc. Helen Steiner Rice
260 ## - PUBLICATION, DISTRIBUTION, ETC.
Place of publication, distribution, etc. New York:
Name of publisher, distributor, etc. Doubleday & Company,
Date of publication, distribution, etc. 1967
300 ## - PHYSICAL DESCRIPTION
Extent 64 p.;
Dimensions 21 cm.
650 ## - SUBJECT ADDED ENTRY--TOPICAL TERM
Topical term or geographic name entry element Christian poetry, American
9 (RLIN) 4166
942 ## - ADDED ENTRY ELEMENTS (KOHA)
Source of classification or shelving scheme Dewey Decimal Classification
Koha item type Books
Holdings
Withdrawn status Lost status Source of classification or shelving scheme Damaged status Not for loan Home library Current Library Shelving location Date acquired Total checkouts Full call number Barcode Date last seen Copy number Price effective from Koha item type
    Dewey Decimal Classification     GRACE BIBLE COLLEGE GRACE BIBLE COLLEGE General Studies 2018-05-04   811.54 RIC 009607 2025-05-01 c.1 2018-05-04 Books
© Grace Bible College Library 2025